000 00973nam0a22002651 4500
001 rc\4364678
005 20130416141813.6
021 _aRU
_b[64-65004]
035 _a(NLR Aleph) 008537590
090 _a8326882
_c8326882
100 _a20130416d1964 |||y0rusy50 ca
101 0 _arus
102 _aRU
105 _aa z |||||
200 1 _aВнеклассное чтение в четвертом классе дагестанской нерусской школы
210 _aМахачкала
_cДагучпедгиз
_d1964
215 _a160 с.
_cил.
_d22
606 _aРусский язык
_jХрестоматии для нерусских школ
_2psbo
606 _aЧтение внеклассное
_jХрестоматии для нерусских школ
_2psbo
700 1 _aГоли
_bЛ. В.
_gЛюбовь Васильевна
801 0 _aRU
_bNLR
_gpsbo
801 1 _aRU
_bELAR
_2rusmarc
852 _aNLR
_j64-5/4228
942 _cBOOK
980 _aNB